| 000 | 00711nam a2200229 i 4500 | ||
|---|---|---|---|
| 001 | 63174 | ||
| 003 | ES-MaACL | ||
| 005 | 20230906164812.0 | ||
| 007 | t| | ||
| 008 | 031201s1939 sp ||||1| spa d | ||
| 080 | _a929 Austria, Juan de | ||
| 100 | 1 |
_aFerrandis Torres, Manuel. _950268 |
|
| 245 | 1 | 0 |
_aDon Juan de Austria : _bpaladín de la cristiandad / _cpor Manuel Ferrandis Torres. |
| 260 |
_aZaragoza : _bLuz, _c1939 ( _fEl Adelantado de Segovia) |
||
| 300 |
_a296 p. ; _c20 cm. |
||
| 490 | 1 | _aLa España imperial | |
| 600 | 1 | 4 |
_aAustria, Juan de ( _d1545-1578) _9151484 |
| 830 | 1 |
_aLa España imperial _9183799 |
|
| 852 |
_aES-MaACL _jA-4904 |
||
| 852 |
_aES-MaACL _jA-5337 |
||
| 999 |
_c63174 _d63174 |
||